| 000 | 00594nam a22002177a 4500 | ||
|---|---|---|---|
| 003 | OSt | ||
| 005 | 20251010150013.0 | ||
| 008 | 251010b |||||||| |||| 00| 0 eng d | ||
| 020 | _a0973066261 | ||
| 040 | _cMUST | ||
| 082 | _a658 FOR 2006 | ||
| 100 |
_aFirquer Bill _919454 |
||
| 245 | _aECM Solutions: What you need to know | ||
| 260 |
_aCanada _bOpen Text Corporation _c2006 |
||
| 300 |
_axvi,330p.: _bcol.ill. _c25cm. |
||
| 504 | _aIncludes glossary,index and bibliograpgy | ||
| 630 |
_aEnterprise _919455 |
||
| 630 |
_aMagement _919456 |
||
| 700 | _4Bill Forguer | ||
| 942 |
_2ddc _cO_SHELF |
||
| 999 |
_c9559 _d9559 |
||